| Tag |
First Indicator |
Second Indicator |
Subfields |
| LEADER |
00000cam a2200000 4500 |
| 001 |
in00000021885 |
| 005 |
20151007063758.0 |
| 008 |
770915s1951 enkc b 00000 engm |
| 010 |
|
|
|a 51006435
|
| 035 |
|
|
|a (OCoLC)03266361
|
| 035 |
|
|
|9 AAD8226AM
|
| 040 |
|
|
|a DLC
|c SUC
|d SUC
|d TXA
|d UtOrBLW
|
| 049 |
|
|
|a TXAM
|c [200027]
|
| 050 |
0 |
0 |
|a PR6001.U4
|b Z74 1951
|
| 082 |
0 |
|
|a 821.91
|
| 092 |
|
|
|a 821
|b A899Yh
|
| 100 |
1 |
|
|a Hoggart, Richard,
|d 1918-2014.
|
| 245 |
1 |
0 |
|a Auden ;
|b an introductory essay.
|
| 264 |
|
1 |
|a London :
|b Chatto & Windus,
|c 1951.
|
| 300 |
|
|
|a 256 pages :
|b portrait ;
|c 22 cm.
|
| 336 |
|
|
|a text
|b txt
|2 rdacontent
|
| 337 |
|
|
|a unmediated
|b n
|2 rdamedia
|
| 338 |
|
|
|a volume
|b nc
|2 rdacarrier
|
| 504 |
|
|
|a Bibliography : pages 221-224.
|
| 600 |
1 |
0 |
|a Auden, W. H.
|q (Wystan Hugh),
|d 1907-1973.
|
| 999 |
|
|
|a MARS
|
| 999 |
f |
f |
|s 45c4d79d-34c5-3e2c-9c18-a9839c9be629
|i d3178f2c-3d99-355d-9ff4-fd41b803ed7e
|t 0
|
| 952 |
f |
f |
|p ric
|a Texas A&M University
|b Rellis Campus
|c Joint Library Facility
|d Remote Storage
|t 0
|e PR6001.U4 Z74 1951
|h Library of Congress classification
|i unmediated -- volume
|m A14801274594
|
| 998 |
f |
f |
|a PR6001.U4 Z74 1951
|t 0
|l Remote Storage
|